Logo BPK

Biblioteka

Politechniki Koszalińskiej

An Outline of American Literature / (Rekord nr 48404)

Szczegóły MARC
000 -ETYKIETA REKORDU
podpole kontrolne o stałej długości 00797nam a2200265 i 4500
001 - NUMER KONTROLNY REKORDU
pole kontrolne bgj
003 - IDENTYFIKATOR NUMERU KONTROLNEGO REKORDU
podpole kontrolne BPK
005 - DATA OSTATNIEJ MODYFIKACJI REKORDU
podpole kontrolne 20140813115417.0
008 - POLE O STAŁEJ DŁUGOŚCI - DANE KONTROLNE
podpole kontrolne o stałej długości 030303s2002 uk f |000 0 eng d
020 ## - MIĘDZYNARODOWY ZNORMALIZOWANY NUMER KSIĄŻKI - ISBN
ISBN 0582745020 (pbk)
040 ## - ŹRÓDŁO KATALOGOWANIA
Instytucja, która utworzyła rekord BPK
041 0# - KOD JĘZYKA
Kod języka tekstu eng
080 ## - UNIWERSALNA KLASYFIKACJA DZIESIĘTNA - UKD
UKD 821.111(73)
100 1# - NAZWA OSOBOWA
Nazwa osobowa High, Peter B.
245 10 - TYTUŁ/ODPOWIEDZIALNOŚĆ
Tytuł An Outline of American Literature /
Pozostałe elementy strefy tytułu i oznaczenia odpowiedzialności Peter B. High.
250 ## - STREFA WYDANIA
Oznaczenie wydania [22nd impr.].
260 ## - STREFA ADRESU WYDAWNICZEGO
Miejsce wydania Harlow, Essex :
Nazwa wydawcy/dystrybutora Longman,
Data publikacji, dystrybucji/powstania dokumentu 2002.
300 ## - STREFA OPISU FIZYCZNEGO
Objętość 256 s. :
Inne cechy fizyczne il. ;
Rozmiary 24 cm.
650 #0 - HASŁO PRZEDMIOTOWE W FORMIE NAZWY OGÓLNEJ LUB JEDNOSTKOWEJ
Nazwa ogólna lub geograficzna American literature
Określnik ogólny History and criticism
650 #0 - HASŁO PRZEDMIOTOWE W FORMIE NAZWY OGÓLNEJ LUB JEDNOSTKOWEJ
Nazwa ogólna lub geograficzna American literature
Określnik ogólny Study and teaching
650 #0 - HASŁO PRZEDMIOTOWE W FORMIE NAZWY OGÓLNEJ LUB JEDNOSTKOWEJ
Nazwa ogólna lub geograficzna American literature
655 #0 - TERMIN INDEKSOWY - OKREŚLENIE RODZAJU/FORMY DOKUMENTU
Określenie rodzaju/formy dokumentu Textbooks for foreign speakers.
655 #4 - TERMIN INDEKSOWY - OKREŚLENIE RODZAJU/FORMY DOKUMENTU
Określenie rodzaju/formy dokumentu Literatura amerykańska
Określnik ogólny historia
856 ## - LOKALIZACJA I DOSTĘP DO ELEKTRONICZNYCH DOKUMENTÓW ZDALNYCH
Link (URL) http://koha.tu.koszalin.pl/cgi-bin/koha/opac-detail.pl?biblionumber=48404
Tekst linku Katalog online BPK
942 ## - DODATKOWE ELEMENTY (KOHA)
Typ dokumentu Książka
Schemat klasyfikacji Uniwersalna Klasyfikacja Dziesiętna
Egzemplarze
Wycofany Status egzemplarza Uszkodzony Dostępność Lokalizacja stała Lokalizacja bieżąca Miejsce przechowywania Sygnatura Kod kreskowy Dział Typ dokumentu
      Tylko na miejscu Biblioteka Politechniki Koszalińskiej Biblioteka Politechniki Koszalińskiej Czytelnia Wydziałowa ul. Kwiatkowskiego 6e KA 5660 09057005 821.111(73) Literatura amerykańska Książka
© 2023 Biblioteka Politechniki Koszalińskiej :: KOHA